Until dawn - O Death (Lyrics) - Statistics

General Stats
  • This quiz has been taken 59 times
  • The average score is 118 of 268
Answer Stats
Answer % Correct
Death
94%
Death”
94%
a
91%
Oh
85%
“Oh
85%
I
79%
me
79%
you
79%
You
79%
spare
74%
another
71%
the
71%
The
71%
year?
68%
and
59%
My
59%
my
59%
this
59%
This
59%
Won’t
59%
go
56%
No
56%
no
56%
over
56%
can
53%
cold
53%
so
53%
till
53%
take
50%
With
50%
with
50%
hands
47%
hold
47%
is
47%
of
47%
please
47%
Please
47%
see?
47%
see
47%
what
47%
age
44%
don’t
44%
ice
44%
taking
44%
can’t
41%
consider
41%
or
41%
Well
41%
your
41%
am
38%
have
38%
soul
38%
that
38%
to
38%
To
38%
open
35%
stage
35%
but
32%
door
32%
heaven
32%
hell
32%
at
29%
If
29%
Nothing
29%
satisfies
29%
silver
29%
body
26%
gold
26%
it
26%
Leave
26%
leave
26%
life
26%
mercy
26%
will
26%
out
24%
Whoa
21%
would
21%
come
18%
land
18%
none
18%
wealth
18%
all
15%
are
15%
“Could
15%
day?”
15%
eyes
15%
I’m
15%
you’re
15%
both
12%
call
12%
head
12%
how
12%
icy
12%
I’ll
12%
know
12%
lock
12%
make
12%
off
12%
run
12%
upon
12%
young
12%
a-movin
9%
bed
9%
came
9%
children
9%
claim
9%
close
9%
closed
9%
command
9%
Dirt
9%
excel
9%
feet
9%
fix
9%
flesh
9%
hour
9%
hurting
9%
mother
9%
move
9%
Placed
9%
poor
9%
pray
9%
prayed
9%
preached
9%
preacher
9%
reach
9%
rich
9%
right
9%
talk
9%
towel
9%
very
9%
wait
9%
walk
9%
warm
9%
You’ve
9%
alike
6%
drop
6%
frame
6%
jaw
6%
someone
6%
Time
6%
treating
6%
worms
6%
No matching quizzes found
Score Distribution
Percent of People with Each Score
Percentile by Number Answered
Your Score History
You have not taken this quiz